| 000 | 00344nam a2200121Ia 4500 | ||
|---|---|---|---|
| 008 | 151213s9999 xx 000 0 und d | ||
| 245 |
_aBangladesh Economics Review-2004 _bEconomics Advisory Finance Division Ministry of Finance |
||
| 260 |
_aDhaka _bGovt. _c2004 |
||
| 300 | _a2353 p. | ||
| 650 | _aEconomics | ||
| 650 | _aEconomics | ||
| 999 |
_c1662 _d1662 |
||